Genetic variability of Rubber tree annual yielding: Estimates of genetic parameters and study of genotype X environment interaction (Record no. 59881)

MARC details
000 -LEADER
fixed length control field 00728nam a2200241Ia 4500
100 ## - MAIN ENTRY--AUTHOR NAME
Personal name Goncalves P de S
245 #0 - TITLE STATEMENT
Title Genetic variability of Rubber tree annual yielding: Estimates of genetic parameters and study of genotype X environment interaction
260 ## - PUBLICATION, DISTRIBUTION, ETC. (IMPRINT)
Name of publisher Bragantia
Year of publication 1990
300 ## - PHYSICAL DESCRIPTION
Number of Pages 306-320
650 ## - SUBJECT ADDED ENTRY--TOPICAL TERM
Topical Term Breeding
650 ## - SUBJECT ADDED ENTRY--TOPICAL TERM
Topical Term Broad sense heritability
650 ## - SUBJECT ADDED ENTRY--TOPICAL TERM
Topical Term Genetic correlation
650 ## - SUBJECT ADDED ENTRY--TOPICAL TERM
Topical Term Hevea brasiliensis Muell.Arg
650 ## - SUBJECT ADDED ENTRY--TOPICAL TERM
Topical Term Phenotypic correlation
650 ## - SUBJECT ADDED ENTRY--TOPICAL TERM
Topical Term Selection yield
700 ## - ADDED ENTRY--PERSONAL NAME
Personal name Cardoso M
700 ## - ADDED ENTRY--PERSONAL NAME
Personal name Colombo C A
700 ## - ADDED ENTRY--PERSONAL NAME
Personal name Nartubs A L M
700 ## - ADDED ENTRY--PERSONAL NAME
Personal name Ortolani A A
700 ## - ADDED ENTRY--PERSONAL NAME
Personal name Santos I C I dos
942 ## - ADDED ENTRY ELEMENTS (KOHA)
Koha item type Journals
Holdings
Withdrawn status Lost status Damaged status Not for loan Home library Current library Date acquired Serial Enumeration / chronology Koha item type
      Journals RRII Library RRII Library 17/12/2021 Volume 49, Issue 2 Journals